01523nam a22001817a 4500003001000000008004100010020001800051040001400069041000700083100005900090245006900149260003900218300001200257500011900269520091800388650002401306654001101330IT-MiCISF161216b xxu||||| |||| 00| 0 eng d a9788821596636 cIT-MiCISF ait aBoffi Pietro, Miglionico Lucia, Petracca Ciavarella G. aCos'è la pastorale familiare?bContenuti, metodi ed esperienze aCinisello B. (MI)bSan Paoloc2015 app, 166 apastorale-familiare, storia, chiesa, operatori-pastorali, pastorale-prematrimoniale, cambiamento, gruppi-familiari aCos'è la pastorale familiare? Quali sono le sue origini e i suoi contenuti? Come si articola concretamente nel vissuto quotidiano delle nostre comunità? Quali presupposti, quali attenzioni richiede perché raggiunga veramente il suo scopo, e cioè mettere la famiglia al centro della vita delle nostre parrocchie? Il volume tenta di rispondere a queste domande. Nella prima parte si presenta quindi la genesi stessa della pastorale familiare, per seguirne poi lo sviluppo fino alle istanze più recenti, quelle che hanno portato papa Francesco a indire i due Sinodi. Nella seconda, di taglio pratico-operativo, si delineano ambiti di azione, modalità operative, strutture e competenze che sono da un lato necessarie e dall'altro auspicabili perché la cura e l'accompagnamento della famiglia non resti una bella espressione nei documenti dei vescovi, ma diventi una realtà vicina agli uomini di oggi. apastorale-familiare asaggio